|
|
|
|
| LEADER |
00000nam0a2200000 4500 |
| 001 |
347043 |
| 005 |
20260123103229.0 |
| 035 |
|
|
|a (RuTPU)RU\TPU\book\378928
|
| 090 |
|
|
|a 347043
|
| 100 |
|
|
|a 20220118d2021 m y0rusy50 ca
|
| 101 |
0 |
|
|a rus
|
| 102 |
|
|
|a RU
|
| 105 |
|
|
|a a j 001zy
|
| 200 |
1 |
|
|a Эксплуатация 23-мм зенитной установки ЗУ-23
|e учебное пособие
|f Национальный исследовательский Томский политехнический университет ; сост. В. А. Подгорный [и др.]
|
| 210 |
|
|
|a Томск
|c Изд-во ТПУ
|d 2021
|
| 215 |
|
|
|a 112 с.
|c ил.
|
| 320 |
|
|
|a Библиогр.: с. 99
|
| 330 |
|
|
|a В пособии изложены основные указания по мерам безопасности при эксплуатации зенитной установки, последовательность работ по разборке и сборке установки, а также её отдельных элементов. Подробно изложены основные понятия в области эксплуатации ВиВТ, согласно приказу МО РФ от 28.12.13 г № 969 "Руководство по содержанию ВиВТ", и непосредственно правила эксплуатации для 23-мм зенитной установки ЗУ-23 согласно "Руководству службы 23-мм спаренной установки ЗУ-23". Предназначено для студентов технических факультетов, проходящих техническую подготовку по специальности "Боевое применение подразделений зенитной артиллерии".
|
| 451 |
|
1 |
|0 (RuTPU)RU\TPU\book\378071
|t Эксплуатация 23-мм зенитной установки ЗУ-23
|o учебное пособие
|f Национальный исследовательский Томский политехнический университет (ТПУ) ; сост. В. А. Подгорный, О. В. Махинько, Г. П. Кудинов
|c Томск
|n Изд-во ТПУ
|d 2021
|
| 606 |
1 |
|
|a Зенитные ракетные комплексы
|2 stltpush
|3 (RuTPU)RU\TPU\subj\11807
|9 38702
|
| 610 |
1 |
|
|a военная техника
|
| 610 |
1 |
|
|a зенитные установки
|
| 610 |
1 |
|
|a ЗУ-23
|
| 610 |
1 |
|
|a техника безопасности
|
| 610 |
1 |
|
|a разборка
|
| 610 |
1 |
|
|a сборка
|
| 610 |
1 |
|
|a эксплуатация
|
| 610 |
1 |
|
|a стрельба
|
| 610 |
1 |
|
|a техническое обслуживание
|
| 610 |
1 |
|
|a спаренные установки
|
| 610 |
1 |
|
|a учебные пособия
|
| 610 |
1 |
|
|a труды учёных ТПУ
|
| 686 |
|
|
|a Ц64я73
|2 rubbk
|
| 702 |
|
1 |
|a Подгорный
|b В. А.
|c специалист в области военного дела
|c преподаватель Томского политехнического университета
|f 1972-
|g Виктор Александрович
|3 (RuTPU)RU\TPU\pers\30914
|4 220
|9 15152
|
| 702 |
|
1 |
|a Махинько
|b О. В.
|c специалист в области военного дела
|c заведующий лабораторией Томского политехнического университета
|f 1966-
|g Олег Владимирович
|3 (RuTPU)RU\TPU\pers\29684
|4 220
|9 14197
|
| 702 |
|
1 |
|a Кудинов
|b Г. П.
|c специалист в области военного дела
|c старший преподаватель Томского политехнического университета
|f 1962-
|g Геннадий Петрович
|3 (RuTPU)RU\TPU\pers\32381
|4 220
|9 16334
|
| 712 |
0 |
2 |
|a Национальный исследовательский Томский политехнический университет
|c (2009- )
|3 (RuTPU)RU\TPU\col\15902
|9 26305
|
| 801 |
|
1 |
|a RU
|b 63413507
|c 20220118
|
| 801 |
|
2 |
|a RU
|b 63413507
|c 20221208
|g RCR
|
| 942 |
|
|
|c BK
|